000 00755nab a2200241 u 4500
001 20914
003 HDC
007 cr bn ---aaaaa
008 210306c20101019xx dr|noo 0 a eng d
040 _aHDC
245 0 _aUK: New Report aims to Improve understanding of Halal Meat
300 _a1 online resource
336 _atext
_2rdacontent
337 _acomputer
_2rdamedia
338 _aonline resource
_2rdacarrier
650 _aHalal Meat
_91025
650 _ameat industry
_92353
710 _aHalal Focus
856 _zRequest full-text at [email protected]
942 _2lcc
942 _cNEWS
942 _kNWSO 006483
999 _c18230
_d18230